| 000 | 00988nam0a22002651 4500 | ||
|---|---|---|---|
| 001 | v19\rc\1994097 | ||
| 005 | 20260406185731.0 | ||
| 035 | _a(NLR Aleph) 005070553 | ||
| 090 |
_a7091043 _c7091043 |
||
| 100 | _a20080811d1914 u y0rusy50 ca | ||
| 101 | 0 | _arus | |
| 102 | _aRU | ||
| 105 | _ay b ||||| | ||
| 200 | 1 | _aКаталог Библиотеки Факультетской терапевтической клиники Университета св. Владимира | |
| 210 |
_aКиев-Демиевка _d1914 |
||
| 215 |
_a97 с., из них 48 с. для доп. _d25 |
||
| 710 | 0 | 2 |
_aУниверситет св. Владимира _cКиев _bФакультетская терапевтическая клиника _bБ-ка _3RU\NLR\AUTH\889951444 _9398848 |
| 801 | 0 |
_aRU _bNLR _gpsbo |
|
| 801 | 0 |
_aRU _bRuMoRGB _2psbo |
|
| 801 | 1 |
_aRU _bProSoft-M _2rusmarc |
|
| 852 |
_aNLR _jС251-650/Т-35 |
||
| 899 |
_aRuMoRGB _jR 31/328 |
||
| 899 | _aБАН | ||
| 942 | _cBOOK | ||
| 980 | _aNB | ||